Manual de inteligencia /

Guardado en:
Autor Principal: Escobar, Raúl Tomás
Formato: Libro
Idioma:Spanish
Publicado: Buenos Aires : F.I., 1979
Edición:2a. ed.
Materias:
Etiquetas: Agregar Etiqueta
Sin Etiquetas, Sea el primero en etiquetar este registro!
LEADER 00410nam a22001455a 4500
001 DER.der002321
008 180615s1979####ag#||||||||||||||#||spa||
005 20251226081358.0
245 1 0 |a Manual de inteligencia /  |c Raúl Tomás Escobar. 
250 |a 2a. ed. 
260 |a Buenos Aires :  |b F.I.,  |c 1979 
300 |a 332 p. 
100 1 |a Escobar, Raúl Tomás 
650 7 |a SOCIOLOGIA 
859 |a DERECHO  |b BIB. DERECHO  |h 301  |i ESC  |p 004468